000 00323nam a2200133Ia 4500
008 191201s2012 xx 000 0 und d
082 _a658.51
_bARI
100 _aTONYARNOLD, J R
245 0 _aIntroduction to Materials Management
260 _aN. Delhi
_bPearson
_c2012
300 _a515
650 _aBBA
942 _2ddc
_cBK
999 _c5950
_d5950